Effective model business letters.
| Main Author: | |
|---|---|
| Format: | Book |
| Published: |
Batu Caves:
RR Media,
2009.
|
| Subjects: |
| LEADER | 00452cam a2200157 7i4500 | ||
|---|---|---|---|
| 001 | 0000026925 | ||
| 005 | 20110919090000.0 | ||
| 020 | 0 | 0 | |a 9789834379414 |
| 090 | 0 | 0 | |a B 651.75 |b MUH |
| 100 | 1 | 0 | |a Muhammad Amar bin Arna Salam |
| 245 | 1 | 0 | |a Effective model business letters. |
| 260 | 0 | 0 | |a Batu Caves: |b RR Media, |c 2009. |
| 300 | # | # | |a 516p. |
| 650 | 0 | 0 | |a Letter writing |
| 650 | 0 | 0 | |a Business -- |x Letter writing |
| 999 | |a B000028872 |b Book |c Book |e Business Information Centre | ||


